| 000 | 00840nam a2200253 a 4500 | ||
|---|---|---|---|
| 001 | 000011235 | ||
| 005 | 20240412074224.0 | ||
| 008 | 091015s1984 dr r 001 p spa d | ||
| 040 |
_aDO-SdBNP _bspa _cBNPHU |
||
| 082 |
_aRD861.44 _bS961d |
||
| 100 | 1 |
_aSuro, Rubén _926798 |
|
| 245 | 1 | 0 |
_aPoemas de una sola intención / _cRubén Suro ; recompilación y notas Pedro Conde. |
| 250 | _a2a ed. | ||
| 260 |
_aSanto Domingo : _bTaller, _c1984. |
||
| 300 |
_a63 p. ; _c21 cm. |
||
| 490 | 1 |
_aBiblioteca taller _v86 |
|
| 500 | _aIncluye datos biográficos del autor en la contracubierta | ||
| 590 | _aInventariado, 2019/LP | ||
| 650 | 0 |
_aPoesía dominicana _966 |
|
| 650 | 0 |
_aLiteratura dominicana. _967 |
|
| 700 | 1 |
_aConde, Pedro _ecomp. _926799 |
|
| 830 | 0 |
_aBiblioteca taller _n86 _926800 |
|
| 910 | _aValidado. Control de calidad. MMOLINA | ||
| 999 |
_c10954 _d10954 |
||